El sector cooperativo en el Mercosur durante la primera dčada del siglo XXI

Bibliographic Details
Main Author: Colombo, Sandra
Other Authors: Oxoby, Paula
Format: eBook
Language:Spanish
Published: Barcelona : Editorial vLex, 2013
Subjects:
Online Access:Acceso restringido

MARC

LEADER 00000nam a22000007a 4500
005 20130917161436.0
007 cr|||| ||||
008 130917s2013 co |||||s|||| 00||0 spa d
035 |a 11486 
040 |a vLex 
090 |c 4496  |d 4496 
100 1 |a Colombo, Sandra 
245 1 3 |a El sector cooperativo en el Mercosur durante la primera dčada del siglo XXI  |h [Recurso electrn̤ico] /  |c Sandra Colombo, Paula Oxoby  
256 |a Servicio en ln̕ea 
260 |a Barcelona :  |b Editorial vLex,  |c 2013 
300 |a 1 recurso electrn̤ico 
506 1 |a Contenido solo disponible en los productos indicados  |d vLex Global  |d vLex Global (Academic Edition, excluding Law Schools)  |d vLex Global (U.S. Academic Edition, Law Schools)  |d vLex Global (U.S. Academic Edition, excluding Law Schools)  |d vLex Global (Academic Edition, Law Schools) 
650 0 4 |a Cooperativas 
650 0 4 |a Mercosur 
700 2 |a Oxoby, Paula 
740 0 |a vLex Libros (Servicio en ln̕ea) 
856 4 0 |u http://vlex.com/source/sector-cooperativo-mercosur-primera-decada-siglo-xxi-11486  |z Acceso restringido 
942 |c BOOK 
999 0 |a Cooperative societies